Sticky to dry; red to purple : exploring transformation with play dough (Record no. 77396)

MARC details
000 -CABECERA
campo de control de longitud fija 00597nam a2200217 a 4500
005 - FECHA Y HORA DE LA ÚLTIMA TRANSACCIÓN
campo de control 20210219153446.0
008 - ELEMENTOS DE LONGITUD FIJA--INFORMACIÓN GENERAL
campo de control de longitud fija 991125n 000 0 u
035 ## - NÚMERO DE CONTROL DEL SISTEMA
Número de control de sistema UPN01000101042
100 ## - ASIENTO PRINCIPAL--NOMBRE PERSONAL
Nombre de persona Goldhaber, Jeanne
222 ## - TÍTULO CLAVE
Título clave YOUNG CHILDREN
245 ## - MENCIÓN DE TÍTULO
Título Sticky to dry; red to purple : exploring transformation with play dough
300 ## - DESCRIPCIÓN FÍSICA
Extensión 26-28
362 ## - FECHAS DE PUBLICACIÓN Y/O DESIGNACIÓN SECUENCIAL
Fecha de publicación y/o designación secuencial 48, No. 1, 1992
505 ## - NOTA DE CONTENIDO CON FORMATO PREESTABLECIDO
Nota de contenido con formato Abril 1993
653 0# - TERMINO DE INDIZACION - NO CONTROLADO
Término no controlado ACTIVIDADES DE CLASE
653 0# - TERMINO DE INDIZACION - NO CONTROLADO
Término no controlado CONSERVACION
653 0# - TERMINO DE INDIZACION - NO CONTROLADO
Término no controlado MATERIALES EDUCATIVOS
653 0# - TERMINO DE INDIZACION - NO CONTROLADO
Término no controlado NI\197OS DE PREESCOLAR
904 ## - ELEMENTOS DE DATOS D LOCAL, LDD (RLIN)
a AC
b 038853
905 ## - TIPO DE MATERIAL
Tipo de material Articulo

No items available.